| 000 | 00386 a2200145 4500 | ||
|---|---|---|---|
| 999 |
_c4835 _d4835 |
||
| 020 | _a0000000 | ||
| 050 | _aPL8681.8 MUS 1995 | ||
| 100 |
_aMusiwa, C.R _eAuthor |
||
| 245 |
_aMutinhimira wedetembo / _cby C. R Musiwa |
||
| 264 |
_aHarare: _bLongman Zimbabwe, _c1995 |
||
| 300 | _a44p. : | ||
| 500 | _aCompiled by C. R Musiwa | ||
| 650 |
_apoetry _xShona |
||
| 942 |
_2lcc _cBK _h8681.8 _iMUS _kPL |
||